Every Country to win a Winter Olympic Medal: Ice Hockey - Statistics

General Stats
  • This quiz has been taken 36 times
  • The average score is 11 of 16
Answer Stats
# of Medals Country % Correct
16 Canada
100%
11 USA
100%
7 Finland
97%
2 Russia
97%
9 Sweden
97%
2 Germany
91%
9 Soviet Union
88%
2 Switzerland
85%
2 Great Britain
82%
2 Czech Republic
79%
1 Slovakia
79%
8 Czechoslovakia
65%
1 West Germany
50%
1 Unified Team
15%
1 Olympic Athletes from Russia
3%
1 Russian Olympic Committee
3%
No matching quizzes found
Score Distribution
Percent of People with Each Score
Percentile by Number Answered
Your Score History
You have not taken this quiz